Crosslinking efficiencies of dicumyl peroxide in unsaturated synthetic rubbers (Record no. 45475)

MARC details
000 -LEADER
fixed length control field 00329nam a2200109Ia 4500
100 ## - MAIN ENTRY--AUTHOR NAME
Personal name Loan LD
245 #0 - TITLE STATEMENT
Title Crosslinking efficiencies of dicumyl peroxide in unsaturated synthetic rubbers
260 ## - PUBLICATION, DISTRIBUTION, ETC. (IMPRINT)
Name of publisher Journal of Applied Polymer Science
Year of publication 1963
300 ## - PHYSICAL DESCRIPTION
Number of Pages 2259-2268
942 ## - ADDED ENTRY ELEMENTS (KOHA)
Koha item type Reprints
Holdings
Withdrawn status Lost status Damaged status Not for loan Home library Current library Shelving location Date acquired Serial Enumeration / chronology Accession Number Koha item type
      Reprints RRII Library RRII Library Polymer science 22/12/2021 Volume 7, Issue P1554 Reprints